Когнітологія та концептологія в лінгвістичному висвітленні (Запис № 378403)
[ простий вигляд ]
| 000 -Лідер | |
|---|---|
| fixed length control field | 02305nam a22002777a 4500 |
| 001 - Контрольний номер | |
| control field | 92166 |
| 003 - Ідентифікатор контрольного номера | |
| control field | UA-OsUOA |
| 005 - Дата та час останнього входження (трансакції) | |
| control field | 20230504161330.0 |
| 007 - Фіксоване поле фізичного опису | |
| fixed length control field | ta |
| 008 - Елементи даних фіксованої довжини – загальна інформація | |
| fixed length control field | 20121211b un ||||| |||| 00| 0 ukr d |
| 020 ## - Міжнародний стандартний книжковий номер (ISBN) | |
| Міжнародний стандартний книжковий номер (ISBN) (НП) | 978-966-439-401-4 |
| 040 ## - Джерело каталогізації | |
| Агенція оригінальної каталогізації | UA-OsUOA |
| Мова каталогізації | ukr |
| Агенція, яка здійснювала перезапис | UA-OsUOA |
| Агенція, яка здійснювала модифікацію | UA-OsUOA |
| 041 ## - Код мови | |
| Код мови тексту/ звукової доріжки чи окремого заголовка (П) | ukr |
| 080 ## - Індекс Універсальної десяткової класифікації | |
| Індекс Універсальної десяткової класифікації (УДК) (НП) | 81(075.8) |
| 090 ## - Локальний шифр розміщення | |
| Класифікаційний індекс УДК | 81(075.8) |
| Авторський знак (НП) | С49 |
| 100 ## - Основне введення – ім’я особи | |
| Ім’я особи (НП) | Слухай Н. В. |
| 245 ## - Відомості про назву | |
| Назва (НП) | Когнітологія та концептологія в лінгвістичному висвітленні |
| Решта назви (НП) | навчальний посібник |
| Дані про відповідальність (НП) | Н. В. Слухай, О. С. Снитко, Т. П. Вільчинська |
| 260 ## - Публікація, розповсюдження і т.п. (Вихідні дані) | |
| Місце публікації, розповсюдження і т.п. (П) | К. |
| Ім’я/ наймення видавництва, розповсюджувача і т.п. (П) | ВПЦ КУ |
| Дата публікації, розповсюдження і т.п. (П) | 2011 |
| 300 ## - Фізичний опис | |
| Обсяг | 367 с. |
| 505 ## - Форматована примітка про зміст | |
| Форматована примітка про зміст | Зміст Вступ. Когнітивна лінгвістика та її місце серед актуальних напрямків сучасного мовознавства 1. Поняття картини світу. Концептуальна та мовна картини світу 2.Когнітивна семантика як складова когнітивної лінгвістики3. Концепт як мовно-культурний феномен |
| 520 3# - Резюме і т.п. | |
| Резюме, реферат, анотація, тощо (НП) | Розглядаються основні теми нормативного курсу "Когнітологія та концептологія в лінгвістичному висвітленні”, а саме: поняття картини світу, феномен когнітивної бази та її елементів, концепт як мовно-культурний феномен тощо. Докладно аналізуються дискусійні питання когнітивістики - прототип, концепт, концептосфера, особливості психічного і мовного буття людини.<br/>Для студентів спеціальності “Мова та література”, а також для широкого кола студентів-філологів. |
| 650 #7 - Додаткове предметне введення – тематичний термін | |
| Тематичний термін чи географічна назва, як елемент введення (НП) | 8 Мовознавство. Художня література. Літературознавство |
| Джерело заголовка чи терміна | UDC |
| 942 ## - Додаткові елементи входу (Коха) | |
| Тип елемента Koha | Книги |
| Source of classification or shelving scheme | Universal Decimal Classification |
| 955 ## - Код типу видання за змістом | |
| Код типу видання за змістом (НП) | Навчальні видання |
| Стан вилучень | Стан втрат | Джерело класифікації або схеми стелажів | Стан уражень | Не для кредиту | Постійне місце розташування | Поточне розміщення | Дата придбання | Джерело придбання | Вартість, звичайна ціна покупки | Інвентарний номер | Усього замовленно | Повний номер виклику | Штрих-код | Дата останнього перегляду | Ціна ефективна від | Тип елемента Koha | Дата останньої перевірки |
|---|---|---|---|---|---|---|---|---|---|---|---|---|---|---|---|---|---|
| Universal Decimal Classification | АБ - Абонемент НБ | АБ - Абонемент НБ | 20/08/2014 | 28/2014 | 19.00 | 146202 | 1 | 81(075.8) С49 | 146202 | 24/06/2025 | 11/12/2012 | Книги | 31/03/2025 | ||||
| Withdrawn | Universal Decimal Classification | Not For Loan | АБ - Абонемент НБ | АБ - Абонемент НБ | 20/08/2014 | 28/2014 | 19.00 | 146203 | 1 | 81(075.8) С49 | 146203 | 23/06/2023 | 11/12/2012 | Книги | 22/08/2022 | ||
| Universal Decimal Classification | ЧЗ - Читальна зала | ЧЗ - Читальна зала | 11/12/2012 | 78/2012 | 19.00 | 140970 | 81(075.8) С49 | 140970 | 17/11/2021 | 11/12/2012 | Книги | ||||||
| Universal Decimal Classification | ЧЗ - Читальна зала | ЧЗ - Читальна зала | 20/08/2014 | 28/2014 | 19.00 | 146201 | 81(075.8) С49 | 146201 | 17/11/2021 | 11/12/2012 | Книги |